000 00590nam a2200169Ia 4500
003 GCL
008 140319s9999 xx 000 0 ara d
040 _aGCL /
_cGCL
082 0 4 _a813.01
_bع د
100 1 _aعمادالدين عيسى
245 1 0 _aالدقيقة الثلاثون فى الالف الثالث بعد الميلاد (هدية من الاديب عبدالفتاح الجمل) /
_cعمادالدين عيسى
300 _a102 ص
490 _a100 قصة
_v0
650 0 4 _aالادب العربى
650 0 4 _aالقصص العربية القصيرة
942 _2ddc
_cBK
999 _c46777
_d46777